000 00647nam a22002177a 4500
003 OSt
005 20150317094514.0
008 150216b xxu||||| |||| 00| 0 eng d
020 _a84-01-46010-7
040 _cBMC
082 _a813.5
100 1 _aGodey, John
_931709
_d1912-2006
245 1 0 _aPelham, uno, dos, tres
_cJohn Godey ; [traducción de J. Ferrer Aleu]
260 _aBarcelona
_bPlaza & Janés
_c[1975]
300 _a319 p.
_c18 cm
490 _aManantial. Novela
_v9
595 _aTraducción de: The Taking od Pelham One Two Three
650 2 4 _917595
_aNovela norteamericana
700 1 _94852
_aFerrer Aleu, J.
942 _2ddc
_cBK
999 _c18587
_d18587